00875nas a2200229Ia 4500001001100000003000900011008004100020040001300061040001300074041001300087100004700100210002000147222002000167245010600187250001100293260002800304501008600332300001900418362004600437500012600483650003600609R012/42598IT-RoPAU151124c99999999xx |||||||||||| ||und|| aIT-RoPAU cIT-RoPAU aITALIANO aD'Angelo FilippogCodice Aut. SPICS: 7034 aCINEMA & CINEMA aCinema & Cinema aCINEMA & CINEMA, ANNO 10-N.35/36 (APRILE-SETTEMBRE 1983)bCulture Sono Davvero Interscambiabili? (Le) a1a ed. aVENEZIAbMARSILIOc1983 bPaulus - SPICS - Società€ San Paolo EM (non-commercial uses only)cCopyright2015 a3 p. [137-139] aANNO 010, N.35/36 (APRILE-SETTEMBRE 1983) aIdentità€ Internazionale del Cinema Contemporaneo. Relazione Sul Festival di Cannes e Note Critiche Sui Film Presentati. aCINEMAvPUBBLICAZIONE PERIODICA